Покушение на миражи: роман; повесть; рассказы; Чистые воды Китижа; День, вытеснивший жизнь; День седьмой

Bibliographische Detailangaben
1. Verfasser: Тендряков В. Ф. Владимир Федорович
Weitere Verfasser: Юдин Н. (художник)
Sprache:Russisch
Veröffentlicht: Москва, Советский писатель, 1988
TOC:Чистые воды Китижа;
День, вытеснивший жизнь; День седьмой;
Schlagworte:
Format: MixedMaterials Buch
KOHA link:https://koha.lib.tpu.ru/cgi-bin/koha/opac-detail.pl?biblionumber=270154

MARC

LEADER 00000nam0a2200000 4500
001 270154
005 20231101234325.0
010 |a 5265000733 
035 |a (RuTPU)RU\TPU\book\293334 
090 |a 270154 
100 |a 20140924d1988 m y0rusy50 ca 
101 0 |a rus 
102 |a RU 
105 |a a z 000ay 
200 1 |a Покушение на миражи  |e роман  |e повесть  |e рассказы  |f В. Ф. Тендряков  |g Н. Юдин 
210 |a Москва  |c Советский писатель  |d 1988 
215 |a 400 с.  |c ил. 
464 |t Чистые воды Китижа  |o повесть 
464 |t День, вытеснивший жизнь; День седьмой  |o рассказы 
610 1 |a художественная литература 
610 1 |a советская литература 
610 1 |a романы 
610 1 |a повести 
610 1 |a рассказы 
675 |a Р2  |v 3 
700 1 |a Тендряков  |b В. Ф.  |c российский писатель  |f 1923-1984  |g Владимир Федорович  |2 stltpush  |3 (RuTPU)RU\TPU\pers\14238  |4 070  |9 4694 
702 1 |a Юдин  |b Н.  |4 040 
801 1 |a RU  |b 63413507  |c 20140924 
801 2 |a RU  |b 63413507  |c 20141216  |g RCR 
942 |c BK